Novedades Educativas (Record no. 4515)
[ view plain ]
| 000 -CABECERA | |
|---|---|
| campo de control de longitud fija | 00456caa a22001812a 4500 |
| 001 - NÚMERO DE CONTROL | |
| campo de control | 001737 |
| 003 - IDENTIFICADOR DEL NÚMERO DE CONTROL | |
| campo de control | AR-FADEU |
| 008 - DATOS DE LONGITUD FIJA--INFORMACIÓN GENERAL | |
| campo de control de longitud fija | 311216n############xxu####################dd |
| 092 ## - ASIGNACIÓN LOCAL DE SIGNATURA TOPOGRÁFICA DEWEY (OCLC) | |
| Número de clasificación | PP(370)NOV |
| 100 ## - ENTRADA PRINCIPAL--NOMBRE DE PERSONA | |
| Nombre de persona | Salzman, Isidro |
| 245 ## - MENCIÓN DE TÍTULO | |
| Resto del título | Literatura infantil, "sueñismo" pedagógico y violencia social |
| 245 ## - MENCIÓN DE TÍTULO | |
| Título | Novedades Educativas |
| 260 ## - PUBLICACIÓN, DISTRIBUCIÓN, ETC. (PIE DE IMPRENTA) | |
| Fecha de publicación, distribución, etc. | jul. 1997 |
| 300 ## - DESCRIPCIÓN FÍSICA | |
| Extensión | 47-54 |
| 440 ## - MENCIÓN DE SERIE/PUNTO DE ACCESO ADICIONAL--TÍTULO | |
| Número de parte o sección de la obra | 79 |
| 650 ## - PUNTO DE ACCESO ADICIONAL DE MATERIA--TÉRMINO DE MATERIA | |
| Término de materia o nombre geográfico como elemento inicial | LITERATURA INFANTIL |
| 942 ## - ELEMENTOS DE PUNTO DE ACCESO ADICIONAL (KOHA) | |
| Tipo de ítem Koha | PPGR |
No items available.